| Поле | Инд. | ПП | Название | Значение |
|---|---|---|---|---|
| Тип записи | a | |||
| Библиографический уровень | b | |||
| 001 | Контрольный номер | RU/IS/BASE/289674862 | ||
| 005 | Дата корректировки | 20200526074527.8 | ||
| 008 | Кодируемые данные | 20090306 | ||
| 040 | b | Код языка каталог. | rus | |
| e | Правила каталог. | PSBO | ||
| 041 | 0_ | a | Код языка текста | rus |
| 084 | a | Индекс другой классификации/Индекс ББК | 83.3(4Гем)6 | |
| 100 | 1_ | a | Автор | Юрикова Н. И. |
| 245 | 10 | a | Заглавие | О концептуальной персонификации в произведениях Германа Гессе |
| b | Продолж. заглавия | (на примере описания облаков) | ||
| 504 | a | Библиография | Библиогр. - Примеч.: с. 150 - 151 | |
| 600 | 14 | a | Персоналии | Гессе Герман |
| 650 | 04 | a | Основная рубрика | история литературы |
| a | Основная рубрика | литературоведение | ||
| a | Основная рубрика | филологические науки | ||
| 653 | 0_ | a | Ключевые слова | " Облако" |
| a | Ключевые слова | "Петер Каменцинд" | ||
| a | Ключевые слова | XX век | ||
| a | Ключевые слова | Германия | ||
| a | Ключевые слова | облака | ||
| a | Ключевые слова | персонификация | ||
| a | Ключевые слова | проза | ||
| a | Ключевые слова | рассказы | ||
| a | Ключевые слова | стилистика автора | ||
| a | Ключевые слова | художественные образы | ||
| a | Ключевые слова | язык автора | ||
| 773 | 08 | t | Заглавие источника | Вестник Московского университета. Серия 9, Филология |
| d | Дата издания источника | 2008 | ||
| g | Прочая информация | № 2. - С. 143 - 151 | ||
| w | Контрольный № источника | RU/IS/BASE/286474537 | ||
| 901 | t | Тип документа | b |